00286nam a2200121Ia 4500100001800000366000900018654001100027245006300038260002800101082001500129300000800144546001200152 aBoudreau/Tim  f17.5 aclient aRich client programming plugging in the Net beans platform bPearson Educationc2007 a5.133bBOU a604 aENGLISH